<?xml version="1.0" encoding="UTF-8"?><record xmlns="http://www.loc.gov/MARC21/slim" xmlns:zs="http://docs.oasis-open.org/ns/search-ws/sruResponse">
  <leader>00672cz  a2200205n  4500</leader>
  <controlfield tag="001">n  81018220 </controlfield>
  <controlfield tag="003">DLC</controlfield>
  <controlfield tag="005">20210602064613.0</controlfield>
  <controlfield tag="008">810317n| azannaabn          |a ana      </controlfield>
  <datafield ind1=" " ind2=" " tag="010">
    <subfield code="a">n  81018220 </subfield>
  </datafield>
  <datafield ind1=" " ind2=" " tag="034">
    <subfield code="d">W0840300</subfield>
    <subfield code="e">W0840300</subfield>
    <subfield code="f">N0335700</subfield>
    <subfield code="g">N0335700</subfield>
    <subfield code="2">geonames</subfield>
  </datafield>
  <datafield ind1=" " ind2=" " tag="035">
    <subfield code="a">(OCoLC)oca00564059</subfield>
  </datafield>
  <datafield ind1=" " ind2=" " tag="040">
    <subfield code="a">DLC</subfield>
    <subfield code="b">eng</subfield>
    <subfield code="e">rda</subfield>
    <subfield code="c">DLC</subfield>
    <subfield code="d">WaU</subfield>
    <subfield code="d">OCoLC</subfield>
    <subfield code="d">GU</subfield>
  </datafield>
  <datafield ind1=" " ind2=" " tag="043">
    <subfield code="a">n-us-ga</subfield>
  </datafield>
  <datafield ind1=" " ind2=" " tag="151">
    <subfield code="a">Gwinnett County (Ga.)</subfield>
  </datafield>
  <datafield ind1=" " ind2=" " tag="368">
    <subfield code="b">Counties</subfield>
    <subfield code="2">lcsh</subfield>
  </datafield>
  <datafield ind1=" " ind2=" " tag="451">
    <subfield code="w">nnaa</subfield>
    <subfield code="a">Gwinnett Co., Ga.</subfield>
  </datafield>
  <datafield ind1=" " ind2=" " tag="670">
    <subfield code="a">Flanigan, J. C. History of Gwinnett county, Georgia, 1943-</subfield>
  </datafield>
  <datafield ind1=" " ind2=" " tag="670">
    <subfield code="a">GeoNames, algorithmically matched, 2009</subfield>
    <subfield code="b">(adm2; 33°57ʹ00ʺN 084°03ʹ00ʺW)</subfield>
  </datafield>
  <datafield ind1=" " ind2="0" tag="781">
    <subfield code="z">Georgia</subfield>
    <subfield code="z">Gwinnett County</subfield>
  </datafield>
</record>
